MDQL
is popping MORE tags! Check the
thread
!
Quizzes
Events
Quiz Creation
Community
Videos
Private Events
Remove Ads
Sign In
Join for FREE
Feedback
Dark Mode
Quiz Categories
Sports
Geography
Music
Movies
Television
Just For Fun
Miscellaneous
History
Literature
Language
Science
Gaming
Entertainment
Religion
Holiday
For Kids
Quiz Lab
Recent
Popular Today
Quiz Kudos Today
Editor Picks
Curator Picks
Quizzes by...
Day
Popularity
Type
Ratings
Length
Year
Community
Subscriptions
Recent Discussions
Orange Saloon
Badges
Playlists
Quests
Create
Leaderboards
Showdown
Live 5
Trivia Bingo
Activity
Puzzle Library
Sporcle Events
Private Events
Virtual Trivia
Globe League
Become a Host
Pub Owners
SporcleCon
Opinionation
Our Games
Videos
Blog
Mobile Apps
Partnerships
Remove Ads and Go Orange
Feedback
History
US Presidents
World Leaders
Politics
Nation
Discovery
War
Decade
Year
Century
Biography
Art
History
US Presidents
World Leaders
Politics
Nation
Discovery
War
Decade
Year
Century
Biography
Art
Random Quiz
Search Sporcle
×
Quiz Lab
Quiz Lab
History
World Leaders
Type in answers that appear in a list
Type in answers that appear in a list
Classic
Best Score? Go Orange.
Prime ministers as of 29/09/2010 Stats
Can you name the Prime ministers in these major countries as of 19/10/2009?
By
valdinn
20m
73 Questions
122 Plays
122 Plays
122 Plays
Comments
Comments
Give Quiz Kudos
Give Quiz Kudos
-
- Ratings
hide this ad
Forced Order
Answers have to be entered in order
Answers have to be entered in order
Random Order
Randomize order of answers
Randomize order of answers
Replay
Link that replays current quiz
Next Quiz
Link to next quiz in quiz playlist
You Got
0%
They Got
Avg Score
36%
Avg Friend Score
Upgrade to see
Score Distribution
Jump to the score distribution portion of the page
Score
0/73
Timer
20:00
0
Plays Today
Country
Prime Minister
% Correct
United Kingdom
David Cameron
71.3%
Þýskaland
Angela Merkel
68%
Italy
Silvio Berlusconi
68%
Canada
Stephen Harper
67.2%
Israel
Binyamin Netanyahu
67.2%
Russia
Vladimir Putin
67.2%
Australia
Julia Gillard
64.8%
Japan
Naoto Kan
54.1%
Ireland
Brian Cowen
53.3%
Spain
Jose Luis Zapatero
53.3%
China
Wen Jiabao
52.5%
Iraq
Nuri al-Maliki
50.8%
Belgium
Yves Leterme
50%
Turkey
Recep Tayyip Erdogan
50%
Zimbabwe
Morgan Tsvangirai
49.2%
Frakkland
Francois Fillon
48.4%
Sweden
Fredrik Reinfeldt
47.5%
New Zealand
John Phillip Key
46.7%
Portugal
Jose Socrates
46.7%
Norway
Jens Stoltenberg
45.1%
Finland
Mari Kiviniemi
44.3%
Tékkland
Petr Necas
43.4%
Austria
Werner Faymann
42.6%
Jamaica
Bruce Golding
42.6%
Hvíta Rússland
Sergey Sidorskiy
41%
Timor-
Leste
Kay Rala Xanana Gusmao
41%
Poland
Donald Tusk
40.2%
Ukraine
Mykola Azarov
40.2%
Pakistan
Syed Yousuf Raza Gilani
38.5%
Croatia
Jadranka Kosor
37.7%
Egypt
Ahmed Mohamed Nazif
37.7%
Romania
Emil Boc
37.7%
Bulgaria
Boyko Borissov
36.1%
Luxembourg
Jean-Claude Juncker
36.1%
Latvia
Valdis Dombrovskis
35.2%
Ungverjaland
Viktor Orban
33.6%
Kenya
Raila Amolo Odinga
33.6%
Country
Prime Minister
% Correct
Lithuania
Andrius Kubilius
33.6%
Slovenia
Borut Pahor
32%
Estonia
Andrus Ansip
30.3%
Vietnam
Nguyen Tan Dung
30.3%
Serbia
Mirko Cvetkovic
29.5%
Morocco
Abbas El Fassi
27%
Macedonia
Nikola Gruevski
25.4%
Malaysia
Najib Tun Razak
25.4%
Slovakia
Iveta Radicova
25.4%
Tunisia
Mohamed Ghannouchi
25.4%
South Korea
Yoon Jeung-hyun
24.6%
Namibia
Nahas Angula
23.8%
Jordan
Samir Rifai
22.1%
Lebanon
Sa'ad al-Din al-Hariri
21.3%
Senegal
Soulayemane Ndene Ndiaye
20.5%
Syria
Muhammad Naji al-Utri
15.6%
Libya
Baghdadi Mahmudi
13.1%
Indland
Manmohan Singh
5.7%
Danmörk
Lars Løkke Rasmussen
4.9%
Skotland
Alex Salmond
4.1%
Holland
Jan Peter Balkenende
4.1%
Sviss
Corina Casanova
3.3%
Grikkland
Georgios Andreas Papandreou
3.3%
Færeyjar
Kaj Leo Johannessen
3.3%
Grænland
Kuupik Kleist
3.3%
Norður Írland
Peter Robinson
3.3%
Wales
Carwyn Jones
3.3%
Liechtenstein
Klaus Tschutscher
1.6%
Malta
Lawrence Gonzi
1.6%
Albanía
Sali Berisha
1.6%
Andorra
Jaume Bartumeu
0.8%
Kosovo
Hashim Thaci
0.8%
Bosnía Herzegovína
Nikola Spiric
0.8%
Tæland
Abhisit Vejjajiva
0.8%
Haiti
Jean-Max Bellerive
0%
Svartfjallaland
Milo Djukanovic
0%
Quiz Playlist
Details
Report
Send in Message
Add To Playlist
Classic:
Type in answers that appear in a list
Forced Order:
Answers have to be entered in order
Random Order:
Randomize order of answers
Last Updated: Feb 16, 2017
Quiz Scoreboard
CHALLENGE
Sign Up to Join the Scoreboard
Show All
Scores
Hide
Comments
May contain spoilers
Recently Published
Colored Red Africa Blitz
by spor1
Geography
30s
Find the 'City' Movie
by crazypaving
Movies
60s
5x2 Blitz: Bands
by SL_Kpop136
Music
30s
More to Explore
Quiz From the Vault
Featured Blog Post
14 Easter Pick-up Lines to Find Eggs With
hide this ad
You Might Also Like...
Tags
Country Quiz
World Leaders Quiz
2009
major
note
prime
Prime Ministers
Today's Top Quizzes in History
Browse History
hide this ad
Today's Top Quizzes in World Leaders
Browse World Leaders
Top Contributed Quizzes in History
1
Popular People in 1991
2
US National Parks Named After People
3
Popular People in 1951
4
Popular People in 1941
5
Order Up: 1000 Years of World Events I
6
I Am Born On March 29th
7
Popular People in 1921
8
Popular People in 1981
9
Popular People in 1986
10
Popular People in 1976
Explore More
Trending Topics
Crossword
Disney
Harry Potter
NBA
Kpop
Anime
Marvel
Country
Puzzle
Pokémon
WWE
Song
Soccer
NFL
The Office
hide this ad
More By:
valdinn
Quiz
Plays
Rating
Category
Featured
Created
Prime Ministers of Iceland
154
3.00
History
Oct 18, 2009
Prime ministers as of 29/09/2010
122
History
Oct 19, 2009
Presidents and more as of 29/09/2010
119
1.00
History
Oct 19, 2009
Eyjar, sker o.þ.h. við Ísland.
73
Geography
Oct 19, 2009
Jöklar á Íslandi
59
Geography
Oct 23, 2009
Go to Creator's Profile
Score Distribution
Quiz Creator Spotlight
valdinn
Follow
Send a Message
Quizzes Created
-
Created Quiz Play Count
-
More By This Creator
Popular Quizzes Today
1
Colored Red Africa Blitz
2
Find the 'City' Movie
3
5x2 Blitz: Bands
4
Find the US States - No Outlines Minefield
5
The Countries of the World
6
Find the US States
7
US States
8
Find the Countries of Europe - No Outlines Minefield
More History Quizzes
On This Day: July 30th
Published
Trending Quizzes
Colored Red Europe Blitz I
Colored Red Africa Blitz II
Colored Red Europe Blitz II
Colored Red Africa Blitz III
Colored Red Europe Blitz III
Recently Updated
How Do You Spell That?
pecheneg
Godzilla Movies
pecheneg
Grab Bag: 4-10 Letters
pecheneg
2024 March Madness Bracket
pecheneg
Famous TV Couples
Peacemaker
Champions League XIs: Real Madrid
pecheneg
Largest US Cities 1790-2010
pecheneg
Rides in Walt Disney World
pecheneg
Most Oscar Losses (Acting)
pecheneg
Beyoncé Albums
pecheneg
Trending Topics
Harry Potter
Anime
NBA
Marvel
Disney
Crossword
Kpop
WWE
Soccer
Song
Country
The Office
NFL
Pokémon
Puzzle
Your Account Isn't Verified!
In order to create a playlist on Sporcle, you need to verify the email address you used during registration. Go to your
Sporcle Settings
to finish the process.
Report this User
Report this user for behavior that violates our
Community Guidelines
.
Details:
Send Report
Go to the Sporcle.com Mobile Site →
Comments